000 00304 a2200109 4500
001 ART_30497
005 20260410162003.0
008 260409a
245 1 0 _aEntusiasmo por la inteligencia
100 1 _aEscudero, Miguel
773 0 _tForo polĂ­tico
_g- Vol. XIX (abr. 1997)
_wREV30389
999 _c31469
_d31469